| 000 | 00668nam a2200229Ia 4500 | ||
|---|---|---|---|
| 005 | 20250508164151.0 | ||
| 008 | 008 250505s9999 xx 000 0 eng d | ||
| 020 | _a07619-6519-X | ||
| 037 | _aTextual | ||
| 040 |
_aFEDL _beng _cFEDL |
||
| 041 |
_aeng _2eng |
||
| 084 |
_a306, ABB _qFEDL |
||
| 100 |
_aAbbinnett Ross _921382 |
||
| 245 | 0 | _aCulture and identity: Critical theories | |
| 260 |
_aLondon, UK _bSage Publications _c2003 |
||
| 300 | _a230p. | ||
| 365 |
_aGBP _b18.99 |
||
| 490 | _aPolitics and culture: A theory, culture& society series | ||
| 650 |
_aCulture; Identity _9777572 |
||
| 942 |
_cTEXL _h306, ABB |
||
| 999 |
_c1387419 _d1387419 |
||